| Tag |
First Indicator |
Second Indicator |
Subfields |
| LEADER |
00000cam a2200000 4500 |
| 001 |
in00000257568 |
| 005 |
20151010053644.0 |
| 008 |
720705s1931 inucfhi 00010beng d |
| 010 |
|
|
|a 31005316
|
| 035 |
|
|
|a (OCoLC)00348813
|
| 035 |
|
|
|9 ABC5286AM
|
| 040 |
|
|
|c KSU
|d TXA
|d UtOrBLW
|
| 049 |
|
|
|a TXAM
|c [217398]
|
| 050 |
|
0 |
|a F574.D4
|b C128
|
| 100 |
1 |
|
|a Laut, Agnes C.,
|d 1871-1936.
|
| 245 |
1 |
0 |
|a Cadillac, knight errant of the wilderness :
|b founder of Detroit, governor of Louisiana from the Great lakes to the Gulf /
|c by Agnes C. Laut.
|
| 264 |
|
1 |
|a Indianapolis :
|b The Bobbs-Merrill company,
|c [1931]
|
| 264 |
|
4 |
|c [©1931]
|
| 300 |
|
|
|a xxii pages, 1 ., 25-298 pages :
|b frontispiece, plates, 2 portraits, facisms., coat of arms. ;
|c 23 cm.
|
| 336 |
|
|
|a text
|b txt
|2 rdacontent
|
| 337 |
|
|
|a unmediated
|b n
|2 rdamedia
|
| 338 |
|
|
|a volume
|b nc
|2 rdacarrier
|
| 500 |
|
|
|a Maps on lining-papers.
|
| 500 |
|
|
|a "First edition."
|
| 600 |
1 |
0 |
|a Cadillac, Antoine Laumet de Lamothe,
|d 1658-1730.
|
| 651 |
|
0 |
|a Detroit (Mich.)
|x History.
|
| 651 |
|
0 |
|a Canada
|x History
|y To 1763 (New France)
|
| 651 |
|
0 |
|a Louisiana
|x History
|y Colonial period, ca. 1600-1775.
|
| 999 |
|
|
|a MARS
|
| 999 |
f |
f |
|s ab2dd368-200b-3dc5-8a47-30342c4d0fd0
|i 6f65a63b-f2ab-31f3-bf53-dfa75898fa39
|t 0
|
| 952 |
f |
f |
|p ric
|a Texas A&M University
|b Rellis Campus
|c Joint Library Facility
|d Remote Storage
|t 0
|e F574.D4 C128
|h Library of Congress classification
|i unmediated -- volume
|m A14802305322
|
| 998 |
f |
f |
|a F574.D4 C128
|t 0
|l Remote Storage
|